000 00469nam a2200193Ia 4500
003 LK-CoDNM
005 20240417121113.0
008 010623t xxu||||| |||| 00| 1 sin d
040 _aLK-CoDNM
_dLK-CoDNM
_eLK-CoDNM
041 _asin
080 _aඡ1
100 _aPiyasena,S
245 _aමාරක වෙස් මාරුව
246 _aMaaraka Wes Maaruva
260 _bLiila Stores
_aColombo
300 _a76p.,21 cm
650 _aNovel
942 _cBK
999 _c140359
_d140359